Inmolación (Record no. 31738)

MARC details
000 -LEADER
campo de control de longitud fija 00655nam a2200193 i 4500
001 - NÚMERO DE CONTROL
campo de control 31738
003 - IDENTIFICADOR DE NÚMERO DE CONTROL
campo de control ES-MaACL
005 - FECHA Y HORA DE LA ÚLTIMA TRANSACCIÓN
campo de control 20250624194422.0
007 - CAMPO FIJO DE DESCRIPCIÓN FÍSICA--INFORMACIÓN GENERAL
campo de control de longitud fija t|
008 - DATOS DE LONGITUD FIJA--INFORMACIÓN GENERAL
campo de control de longitud fija 030130s1921 sp ||||1| spa d
100 1# - ENTRADA PRINCIPAL--NOMBRE DE PERSONA
Nombre de persona Baumann, Emile.
9 (RLIN) 26580
245 10 - MENCIÓN DEL TÍTULO
Título Inmolación
Resto del título : novela /
Mención de responsabilidad, etc. Emilio Baumann ; traducidaa en castellano por Pedro Vances ; con un prólogo de Ricardo León.
260 ## - PUBLICACIÓN, DISTRIBUCIÓN, ETC.
Lugar de publicación, distribución, etc. Madrid :
Nombre del editor, distribuidor, etc. Gil Blas :
-- Renacimiento,
Fecha de publicación, distribución, etc. [1921] (
Fabricante Imp. Miguel Albero)
300 ## - DESCRIPCIÓN FÍSICA
Extensión X, 419 p. ;
Dimensiones 18 cm.
700 1# - ENTRADA AGREGADA--NOMBRE PERSONAL
Nombre de persona Vances, Pedro.
9 (RLIN) 113043
700 1# - ENTRADA AGREGADA--NOMBRE PERSONAL
Nombre de persona León, Ricardo,
Fechas asociadas al nombre 1877-1943
9 (RLIN) 71597
852 ## - LOCALIZACIÓN
Ubicación ES-MaACL
Número de control de estantería C-4621
Sublocalización o colección R.24263
Holdings
Estatus retirado Estado de pérdida Estado de daño No para préstamo Biblioteca de origen Biblioteca actual Ubicación en estantería Fecha de adquisición Fuente de adquisición Total de préstamos Signatura topográfica completa Código de barras Visto por última vez Precio de reemplazo Tipo de ítem Koha
        Biblioteca del Ateneo de Madrid Biblioteca del Ateneo de Madrid Sala Palomar 17/01/2008     C-4621 1032814 23/02/2023 23/02/2023 Libro impreso